000 00326 a2200109 4500
001 ART_24153
005 20260410161821.0
008 260409a
245 1 0 _aCorrupción y sistema penal
100 1 _aVanella, Carolina A.
773 0 _tDoctrina Penal Tributaria y Económica
_g- Nº 32 (jun. 2014)
_wREV4317
999 _c22325
_d22325